000 00992nam a22002897a 4500
003 CHAP
005 20220329140639.0
008 971013s1962 r 00010 d
010 _a55305
011 _a56277
035 _a60430
040 _cCHAP
082 _a338.10982
_bS3
100 0 0 _aSauberan, Carlos.
_9102709
245 _aSoluciones para los problemas del campo
_b: causas que disminuyen la producción agrícola y ganadera argentina
260 _aBuenos Aires :
_bFundación Bolsa de Comercio de Buenos Aires,
_c(1962)
300 _a157 p.
_b: ilus.
590 _aBATCH-UPD
_b10
_c20130110
_lUCH01
_h0745
590 _aBATCH-UPD
_b10
_c20130410
_lUCH01
_h0426
590 _aBATCH-UPD
_b10
_c20130914
_lUCH01
_h0339
590 _aCONVERSION
_b10
_c20130109
_lUCH01
_h1330
650 1 4 _aAgricultura
_xAspectos económicos
_xArgentina.
_91207
700 0 _aMolina, Jorge S.
_977407
901 _aBK
942 _cLIBRO
949 _a338.10982 S3
_bBC
_cLIBRO
_d-130274
_eLIBRO
_h5446
_i60430
_si
999 _c55305
_d55305